Art of the 20th century : a year-by-year chronicle of painting, architecture, and sculpture

Bibliographic Details
Other Authors: Ferrier, Jean-Louis, Pichon, Yann Le
Format: Book
Published: Chene : Hachette , 2002
Subjects:

MARC

LEADER 00000cam a2200000 7i4500
001 0000031311
005 20120423.0
008 120103
020 |a 2103413838 
090 0 0 |a 709.04   |b ART 
245 1 0 |a Art of the 20th century :   |b a year-by-year chronicle of painting, architecture, and sculpture   |c under the direction of Jean-Louis Ferrier ; with the collabration of Yann Le Pichon ; English translation under the direction of Walter D. Glanze & Lisa Davidson 
260 |a Chene :   |b Hachette ,   |c 2002 
650 0 |a Art, modern   |x 20th century   |x History 
700 1 |a Ferrier, Jean-Louis 
700 1 |a Pichon, Yann Le 
999 |a 0001055645   |b Book   |c REFERENCE   |e Perbadanan Perpustakaan Awam Johor